| 000 | 00899nam a2200229 a 4500 | ||
|---|---|---|---|
| 001 | BRCA_108 | ||
| 005 | 20190320202901.0 | ||
| 008 | 940914s1994 mx-a---##b---s000-0#spa-# | ||
| 020 | _a9706340009 | ||
| 040 |
_aDLC _cDLC |
||
| 050 | 4 |
_aNA5257.C5 _b.H47 1994 |
|
| 100 | 1 |
_aHernández Pons, Elsa C. _9420 |
|
| 245 | 1 | 0 |
_aEl Convento Dominico de Chapultenango, Chiapas _cElsa Hernández Pons. |
| 260 |
_a[Tuxtla Gutiérrez, Chiapas, México] _bGobierno del Estado de Chiapas, Consejo Estatal de Fomento a la Investigación y Difusión de la Cultura, Instituto Chiapaneco de Cultura _c1994 |
||
| 300 |
_a71 p. _bil. _c21 cm. |
||
| 440 | 0 |
_aCuadernos ocasionales _9421 |
|
| 504 | _aBibliografía: p. 29-33 | ||
| 610 | 2 | 4 |
_aConvento Dominico de Chapultenango (Chiapas, México) _9422 |
| 651 | 4 |
_aChapultenango (Chiapas, México) _xHistoria _9423 |
|
| 653 | 0 | _aOrdenes religiosas - Dominicos | |
| 942 |
_2lcc _cB |
||
| 999 |
_c93 _d93 |
||